Statistiche per Riconosci il calciatore dalla foto - Quiz n°7

Clicka qui per fare il quiz!

Statistiche generali

  • Questo quiz è stato fatto 46 volte
  • Il punteggio medio è 5 su 10

Statistiche sulle risposte

Risposta% Corretto
Moise Kean
100%
Ricardo Rodriguez
97%
Matthijs de Ligt
89%
Milan Škriniar
83%
Moisés Caicedo
42%
Thilo Kehrer
31%
Hatem Ben Arfa
25%
Fodé Ballo-Touré
19%
Padro Obiang
17%
Juan Manuel Vargas
11%

Distribuzione punteggi

Percentile per numero di risposta

Percentuale di utenti per punteggio

I tuoi punteggi nel tempo

Non hai fatto questo quiz